00415nam a2200121Ia 4500003000400000008004100004040001600045082002200061245013300083260006100216300001100277490000500288GCL140319s9999 xx 000 0 ara d aGCL / cGCL04a327.090902bو ع10aالعلاقات السياسية بين بيزنطة والشرق الادنى الاسلامى ( 741_820 م ) 124_ 205 هـ?) a[S.N] : bمؤسسة شباب الجامعة ، c1990 a412 ص a